| 000 | 00773nam a22002297a 4500 | ||
|---|---|---|---|
| 999 |
_c179149 _d179149 |
||
| 005 | 20210524162356.0 | ||
| 010 | _aB-739934 | ||
| 020 |
_a9788172016753 _c100.00 |
||
| 035 | _aB-739934 | ||
| 037 | _bGift | ||
| 082 | _a812.08 | ||
| 100 | _aVenkatachalam, V. | ||
| 245 |
_aBhāsa / _cby V. Venkatachalam |
||
| 260 |
_aNew Delhi _bSahitya Akadem _c2017 |
||
| 270 |
_bNew Delhi _aRabindra Bhawan, 35, ferozshah Road _e110001 |
||
| 300 |
_axiv, 178p. _c22cm(pbk) |
||
| 500 | _aIncludes bibliographical references and index | ||
| 650 | _aBhāsa -- Criticism and interpretation | ||
| 650 | _aBhāsa -- Criticism -- and -- interpretation | ||
| 942 |
_2ddc _cEN _h812.08 _mVEN |
||